000 01203nam a2200241 i 4500
001 19884
003 ES-MaACL
005 20251001201743.0
007 t|
008 021023s1885 fr ||||1| fre d
130 0 _aChronica Muzarabica.
_9158591
245 1 0 _aChronique rimée des derniers rois de Tolède et de la conquête de l'Espagne par les arabes /
_céditée et annotée par le P. J. Tailhan.
260 _aParis :
_bErnest Leroux,
_c1885.
300 _aXX, 205 p., XX h. de facs. heliograbados ;
_c45 cm.
500 _aPrecede al tit.: Anonyme de Cordoue.
500 _aTexto latino, notas y comentarios en francés.
500 _aReproduce el texto latino, titulado Epitoma imperatorum. Acompañan a esta obra los facsímiles de los códices de esta crónica, existentes en las Bib. de la Academia de la Historia y del Arsenal de Paris fotolitografiados. Algunos autores atribuyen esta crónica a Isidoro de Beja, de Badajoz o Pacense.
500 _aAlgunos autores atribuyen esta crónica á Isidoro de Beja, de Badajoz ó Pacense.
700 1 _aTailhan, Jules,
_d1816-1891
_9158241
700 0 _aIsidoro Pacense.
_965570
852 _aES-MaACL
_jF-15977
999 _c19884
_d19884